[Event "SWE-ch U20"]
[Site "Helsingborg"]
[Date "2021.07.08"]
[Round "6"]
[White "Nguyen, Gabriel"]
[Black "Soderstrom, Adrian"]
[Result "0-1"]
[WhiteElo "2099"]
[BlackElo "2258"]
[PlyCount "160"]
[EventDate "2021.07.03"]
[EventType "tourn"]
[EventRounds "9"]
[EventCountry "SWE"]
[SourceTitle "CBM 203 Extra"]
[Source "ChessBase"]
[SourceDate "2021.09.30"]
[SourceVersion "1"]
[SourceVersionDate "2021.09.30"]
[SourceQuality "1"]

1. d4 d5 2. Nf3 Nf6 3. c4 c6 4. Nc3 e6 5. cxd5 exd5 6. Qc2 Nbd7 7. Bg5 Qa5 8. e3 Ne4 9. Bd3 Nxg5 10. Nxg5 h6 11. Nf3 Bd6 12. 0-0 0-0 13. a3 Qc7 14. Rac1 Qd8 15. b4 a5 16. Qb3 Qe7 17. Rb1 Nf6 18. h3 axb4 19. axb4 b5 20. Nd2 Be6 21. Qb2 Nd7 22. e4 dxe4 23. Ndxe4 Bc7 24. Rbc1 Nb6 25. Rfe1 Nd5 26. Nc5 Nf4 27. Bf1 Qg5 28. Kh1 Qh5 29. Re3 Nd5 30. Be2 Qg6 31. Bd3 Qf6 32. N3e4 Qh4 33. Rf3 Bg4 34. Rg3 Bxg3 35. fxg3 Qh5 36. Nf2 Bc8 37. Re1 Qg5 38. Nfe4 Qd8 39. Kh2 Ra7 40. Bb1 Bf5 41. Rf1 Bg6 42. Nd2 Bxb1 43. Qxb1 Qd6 44. Nf3 Ra3 45. Ne5 Nf6 46. Qb2 Rfa8 47. Qf2 Qd5 48. Qf4 Ra2 49. Rf3 Re2 50. Ncd3 Raa2 51. Nf2 Rad2 52. Ned3 Nd7 53. Qg4 Qe6 54. Qh4 Qe7 55. Qg4 Nf8 56. h4 Qd7 57. Qh5 Qd5 58. Rf5 g6 59. Rxd5 gxh5 60. Rxh5 Rxf2 61. Nxf2 Rxf2 62. Rxh6 Ne6 63. d5 cxd5 64. Rh5 Rd2 65. Re5 Kg7 66. Kh3 Kf6 67. Re1 Rd4 68. Rf1+ Kg6 69. g4 Rxb4 70. h5+ Kg7 71. Kh4 Re4 72. Rf5 d4 73. Rxb5 d3 74. Rb2 Rd4 75. Rd2 f5 76. Kh3 Rxg4 77. g3 Rd4 78. Kg2 Nc5 79. Kf3 Nb3 80. Ke3 Re4+ 0-1

[Event "SWE-ch U20"]
[Site "Helsingborg"]
[Date "2021.07.07"]
[Round "5"]
[White "Carlsson, Ludvig"]
[Black "Nguyen, Gabriel"]
[Result "1-0"]
[WhiteElo "2258"]
[BlackElo "2099"]
[PlyCount "89"]
[EventDate "2021.07.03"]
[EventType "tourn"]
[EventRounds "9"]
[EventCountry "SWE"]
[SourceTitle "CBM 203 Extra"]
[Source "ChessBase"]
[SourceDate "2021.09.30"]
[SourceVersion "1"]
[SourceVersionDate "2021.09.30"]
[SourceQuality "1"]

1. c4 Nf6 2. Nc3 g6 3. g3 Bg7 4. Bg2 0-0 5. e4 d6 6. Nge2 c5 7. 0-0 Nc6 8. d3 Rb8 9. h3 a6 10. a4 Bd7 11. Be3 Ne8 12. Kh2 Nd4 13. Rb1 Nc7 14. b4 Nxe2 15. Nxe2 Ne6 16. a5 b5 17. axb6 Rxb6 18. bxc5 dxc5 19. Rxb6 Qxb6 20. f4 Bc6 21. f5 Nd4 22. Nxd4 cxd4 23. Bf4 Qc5 24. fxg6 hxg6 25. Qb3 a5 26. Rb1 a4 27. Qa2 Kh7 28. e5 Bxg2 29. Qxg2 Qa3 30. Qc2 Ra8 31. h4 Qc3 32. Qd1 a3 33. h5 a2 34. Ra1 Qb2+ 35. Kh3 Rb8 36. e6 Rb3 37. exf7 g5 38. Qg4 e6 39. Qxe6 Rb6 40. Qf5+ Kh8 41. Qc8+ Kh7 42. Qg8+ Kh6 43. Bxg5+ Kxh5 44. g4+ Kg6 45. f8Q 1-0

[Event "Uppsala Young Champions"]
[Site "Uppsala"]
[Date "2019.10.30"]
[Round "8"]
[White "Nguyen, Gabriel"]
[Black "Rasti, Arvin"]
[Result "0-1"]
[WhiteElo "2071"]
[BlackElo "2179"]
[PlyCount "128"]
[EventDate "2019.10.25"]
[EventType "swiss"]
[EventRounds "9"]
[EventCountry "SWE"]
[SourceTitle "CBM 192 Extra"]
[Source "Chessbase"]
[SourceDate "2019.11.06"]
[SourceVersion "1"]
[SourceVersionDate "2019.11.06"]
[SourceQuality "1"]

1. Nf3 Nf6 2. d4 e6 3. g3 c5 4. Bg2 Nc6 5. 0-0 d5 6. e3 Be7 7. b3 0-0 8. Bb2 b6 9. Nbd2 Bb7 10. c4 Rc8 11. Rc1 cxd4 12. Nxd4 Nxd4 13. exd4 Rc7 14. cxd5 Bxd5 15. Bxd5 Nxd5 16. Nc4 Qc8 17. Ne3 Rd8 18. Qe2 Nb4 19. Rxc7 Qxc7 20. a3 Nd5 21. Nxd5 Rxd5 22. Rc1 Qd7 23. Qc4 h5 24. Qc8+ Kh7 25. Qxd7 Rxd7 26. h4 Bf6 27. Rc4 Kg6 28. Kg2 Kf5 29. Kf3 Be7 30. a4 f6 31. Ke3 g5 32. hxg5 fxg5 33. Rc8 h4 34. gxh4 gxh4 35. Kf3 e5 36. dxe5 Rd3+ 37. Kg2 Rxb3 38. Rc7 Bd8 39. Rc2 Bg5 40. a5 h3+ 41. Kh1 bxa5 42. Re2 Ke6 43. Bd4 Bf4 44. Re1 a6 45. f3 a4 46. Kg1 Rxf3 47. Rb1 Rb3 48. Rf1 Bxe5 49. Re1 Rb5 50. Bxe5 Rxe5 51. Ra1 Ra5 52. Kh2 Kd5 53. Kxh3 Kc4 54. Rg1 a3 55. Rg4+ Kd3 56. Rg3+ Ke2 57. Rg2+ Kf1 58. Ra2 Ke1 59. Kg2 Kd1 60. Kf3 Kc1 61. Ke3 Kb1 62. Rh2 a2 63. Rh1+ Kb2 64. Rh2+ Kb3 0-1

[Event "Uppsala Young Champions"]
[Site "Uppsala"]
[Date "2019.10.29"]
[Round "7"]
[White "Soderstrom, Adrian"]
[Black "Nguyen, Gabriel"]
[Result "1/2-1/2"]
[WhiteElo "1960"]
[BlackElo "2071"]
[PlyCount "63"]
[EventDate "2019.10.25"]
[EventType "swiss"]
[EventRounds "9"]
[EventCountry "SWE"]
[SourceTitle "CBM 192 Extra"]
[Source "Chessbase"]
[SourceDate "2019.11.06"]
[SourceVersion "1"]
[SourceVersionDate "2019.11.06"]
[SourceQuality "1"]

1. d4 Nf6 2. c4 e6 3. Nf3 d5 4. Nc3 c6 5. e3 Nbd7 6. Qc2 Bd6 7. b3 0-0 8. Bb2 e5 9. cxd5 cxd5 10. dxe5 Nxe5 11. Be2 Bg4 12. Nxe5 Bxe5 13. Bxg4 Nxg4 14. h3 Nf6 15. 0-0 Rc8 16. Qd3 Qa5 17. Rac1 Rfd8 18. Rfd1 h6 19. Qd2 Rc6 20. Ne4 Qxd2 21. Nxf6+ Bxf6 22. Rxd2 Rxc1+ 23. Bxc1 d4 24. exd4 Rxd4 25. Rc2 a6 26. g3 Rd7 27. Kg2 h5 28. h4 g6 29. Rc8+ Kg7 30. Rc2 Kg8 31. Rc8+ Kg7 32. Rc2 1/2-1/2

[Event "Uppsala Young Champions"]
[Site "Uppsala"]
[Date "2019.10.28"]
[Round "5"]
[White "Nguyen, Gabriel"]
[Black "Ostlund, Joar"]
[Result "1-0"]
[WhiteElo "2071"]
[BlackElo "1955"]
[PlyCount "103"]
[EventDate "2019.10.25"]
[EventType "swiss"]
[EventRounds "9"]
[EventCountry "SWE"]
[SourceTitle "CBM 192 Extra"]
[Source "Chessbase"]
[SourceDate "2019.11.06"]
[SourceVersion "1"]
[SourceVersionDate "2019.11.06"]
[SourceQuality "1"]

1. d4 d5 2. c4 e6 3. Nc3 Nf6 4. Nf3 c6 5. Bg5 Be7 6. e3 Nbd7 7. Bd3 dxc4 8. Bxc4 b5 9. Bd3 a6 10. a4 Bb7 11. Rc1 Rc8 12. Qe2 b4 13. Bxf6 Nxf6 14. Ne4 Nxe4 15. Bxe4 Qb6 16. 0-0 c5 17. Bd3 cxd4 18. Rxc8+ Bxc8 19. Nxd4 0-0 20. h3 Bb7 21. Rc1 Bf6 22. Nb3 Rd8 23. Qc2 g6 24. Be2 Bd5 25. Rd1 Bxb3 26. Rxd8+ Qxd8 27. Qxb3 a5 28. Qc2 Qd5 29. b3 Qe5 30. Qc4 Qb2 31. g3 h5 32. Kg2 Qc3 33. g4 Qxc4 34. Bxc4 hxg4 35. hxg4 Bd8 36. f4 g5 37. Kf3 gxf4 38. exf4 Kg7 39. g5 f6 40. Kg4 fxg5 41. fxg5 e5 42. Bd3 Bc7 43. Kf5 Bd6 44. Be4 Bc7 45. Ke6 Bb8 46. Kd7 Kf7 47. Kc6 Ke8 48. Kb6 Bd6 49. Kxa5 Kd7 50. Kb6 Be7 51. g6 Kc8 52. g7 1-0

[Event "Gothenburg Kvibergspelen"]
[Site "Gothenburg"]
[Date "2018.04.21"]
[Round "6"]
[White "Fransson, Patrick"]
[Black "Nguyen, Gabriel"]
[Result "1-0"]
[WhiteElo "2176"]
[BlackElo "2024"]
[PlyCount "103"]
[EventDate "2018.04.20"]
[EventType "swiss"]
[EventRounds "8"]
[EventCountry "SWE"]
[SourceTitle "CBM 184 Extra"]
[Source "ChessBase"]
[SourceDate "2018.06.28"]
[SourceVersion "1"]
[SourceVersionDate "2018.06.28"]
[SourceQuality "1"]

1. d4 g6 2. e4 Bg7 3. c4 d6 4. Nc3 Nf6 5. f3 0-0 6. Be3 Nc6 7. Qd2 a6 8. Bd3 Nd7 9. Nge2 e5 10. d5 Nd4 11. 0-0 c5 12. f4 exf4 13. Bxf4 Ne5 14. Nxd4 cxd4 15. Ne2 Qb6 16. Rab1 Bg4 17. Kh1 Rac8 18. h3 Bd7 19. b3 Rce8 20. Rbe1 h5 21. Bb1 d3 22. Ng1 f5 23. Bxe5 dxe5 24. Bxd3 f4 25. Rc1 g5 26. c5 Qf6 27. Be2 g4 28. Rc3 Bh6 29. Qd1 Qg6 30. c6 bxc6 31. dxc6 Bxc6 32. hxg4 hxg4 33. Bxg4 Rd8 34. Qe2 Bb5 35. Rc4 f3 36. Rxf3 Rxf3 37. Qxf3 Bxc4 38. bxc4 Rf8 39. Bf5 Qg5 40. Nh3 Qc1+ 41. Kh2 Qxc4 42. Qg4+ Kh8 43. Qg6 Rxf5 44. Qxh6+ Kg8 45. Qg6+ Kh8 46. Qxf5 Qxa2 47. Qxe5+ Kh7 48. Qf5+ Kg7 49. Nf4 Qd2 50. e5 Qe1 51. Qf6+ Kg8 52. e6 1-0

[Event "Gothenburg Kvibergspelen"]
[Site "Gothenburg"]
[Date "2018.04.20"]
[Round "2"]
[White "Nilsson, Anders"]
[Black "Nguyen, Gabriel"]
[Result "1-0"]
[WhiteElo "2217"]
[BlackElo "2024"]
[PlyCount "119"]
[EventDate "2018.04.20"]
[EventType "swiss"]
[EventRounds "8"]
[EventCountry "SWE"]
[SourceTitle "CBM 184 Extra"]
[Source "ChessBase"]
[SourceDate "2018.06.28"]
[SourceVersion "1"]
[SourceVersionDate "2018.06.28"]
[SourceQuality "1"]

1. d4 Nf6 2. Nf3 g6 3. Bg5 Bg7 4. Nbd2 0-0 5. e3 d6 6. Bc4 b6 7. c3 Bb7 8. a4 c5 9. 0-0 Nbd7 10. Qe2 d5 11. Ba6 Bxa6 12. Qxa6 Qc7 13. a5 Qc8 14. Qe2 Qb7 15. b4 c4 16. h3 Rfe8 17. Ra2 b5 18. a6 Qc6 19. Ra5 Nb6 20. Ne5 Qc8 21. Rxb5 Qxa6 22. Ra5 Qb7 23. Rfa1 h5 24. Qf3 Rf8 25. Bf4 e6 26. Nexc4 Nxc4 27. Nxc4 Ne4 28. Nd6 Qc6 29. Ra6 Qxc3 30. Nxe4 dxe4 31. Qxe4 Qxb4 32. Bd6 Qb2 33. Bxf8 Rxf8 34. Rxa7 Qb6 35. Ra8 Qd6 36. Rxf8+ Bxf8 37. Ra8 Qd7 38. Rb8 Qc7 39. Qa8 Qd6 40. Rd8 Qb4 41. g3 Kg7 42. Qe4 Qe7 43. Rb8 Qc7 44. Qe5+ Qxe5 45. dxe5 Be7 46. Kg2 h4 47. g4 g5 48. Kf3 f6 49. Ke4 Kg6 50. Rg8+ Kf7 51. Ra8 Kg6 52. exf6 Kxf6 53. f4 Bc5 54. Ra5 Bb6 55. Rxg5 Bc7 56. Rh5 Bd8 57. Rxh4 Kg6 58. Rh5 Bf6 59. Re5 Bxe5 60. Kxe5 1-0

[Event "Nordic-ch U15"]
[Site "Drammen"]
[Date "2017.02.19"]
[Round "5"]
[White "Tryggestad, Andreas Garberg"]
[Black "Nguyen, Gabriel"]
[Result "1/2-1/2"]
[WhiteElo "2316"]
[BlackElo "1968"]
[PlyCount "74"]
[EventDate "2017.02.17"]
[EventType "swiss"]
[EventRounds "6"]
[EventCountry "NOR"]
[SourceTitle "CBM 177 Extra"]
[Source "ChessBase"]
[SourceDate "2017.04.27"]
[SourceVersion "1"]
[SourceVersionDate "2017.04.27"]
[SourceQuality "1"]

1. e4 c5 2. Nf3 e6 3. c3 Nf6 4. e5 Nd5 5. d4 cxd4 6. cxd4 d6 7. Bc4 Be7 8. Bd2 0-0 9. Nc3 dxe5 10. dxe5 Nxc3 11. Bxc3 b6 12. Qe2 Bb7 13. 0-0 Nd7 14. Rfd1 Qc7 15. Bd3 Rfd8 16. Rac1 Rac8 17. Bd2 Qb8 18. Bf4 Nc5 19. Bb1 Rxd1+ 20. Rxd1 Rd8 21. Nd4 Qa8 22. f3 Ba6 23. Qc2 g6 24. b4 Bd3 25. Qc3 Bxb1 26. Rxb1 Qd5 27. Nc2 Nd3 28. Bg3 Qxa2 29. Rd1 Nb2 30. Ra1 Rd1+ 31. Rxd1 Nxd1 32. Qc8+ Kg7 33. Qc7 Kf8 34. Qc8+ Kg7 35. Qc7 Kf8 36. Qc8+ Kg7 37. Qc7 Kf8 1/2-1/2

[Event "Nordic-ch U15"]
[Site "Drammen"]
[Date "2017.02.17"]
[Round "1"]
[White "Nguyen, Gabriel"]
[Black "Stefansson, Vignir Vatnar"]
[Result "1/2-1/2"]
[WhiteElo "1968"]
[BlackElo "2384"]
[PlyCount "71"]
[EventDate "2017.02.17"]
[EventType "swiss"]
[EventRounds "6"]
[EventCountry "NOR"]
[SourceTitle "CBM 177 Extra"]
[Source "ChessBase"]
[SourceDate "2017.04.27"]
[SourceVersion "1"]
[SourceVersionDate "2017.04.27"]
[SourceQuality "1"]

1. d4 f5 2. Nf3 Nf6 3. g3 e6 4. Bg2 d5 5. 0-0 Bd6 6. b3 0-0 7. Bb2 c6 8. c4 b6 9. Qc2 Ba6 10. Re1 Nbd7 11. Nbd2 Rc8 12. Rac1 Ne4 13. Nxe4 fxe4 14. Ne5 c5 15. Bh3 Qf6 16. Nxd7 Qxf2+ 17. Kh1 Bxg3 18. hxg3 Qxg3 19. Bxe6+ Kh8 20. Nxf8 Qh4+ 21. Kg2 Qg5+ 22. Kh2 Qf4+ 23. Kg2 Qg5+ 24. Kh3 Qe3+ 25. Kg4 h5+ 26. Kxh5 Rxf8 27. Rh1 Kh7 28. Qc3 Qf4 29. Rcg1 Rf6 30. Rxg7+ Kxg7 31. dxc5 d4 32. Qxd4 Qh6+ 33. Kg4 Qf4+ 34. Kh5 Qh6+ 35. Kg4 Qf4+ 36. Kh5 1/2-1/2